The social forces in later life : an introduction to social gerantology
| Main Author: | |
|---|---|
| Format: | Book |
| Published: |
Belmont :
Wadsworth ,
1972
|
| Edition: | 3rd. ed. |
| Subjects: |
MARC
| LEADER | 00000cam a2200000 7i4500 | ||
|---|---|---|---|
| 001 | 0000002665 | ||
| 005 | 20050506.0 | ||
| 020 | |a 0534008283 | ||
| 040 | |a INS | ||
| 090 | 0 | 0 | |a HQ1061. |b A78 1972 |
| 100 | 1 | |a Atchley, Robert C. | |
| 245 | 1 | 4 | |a The social forces in later life : |b an introduction to social gerantology |c Robert C. Atchley |
| 250 | |a 3rd. ed. | ||
| 260 | |a Belmont : |b Wadsworth , |c 1972 | ||
| 300 | |a 468p. ; |c 24 cm. | ||
| 650 | 0 | 0 | |a Aged |
| 650 | 0 | 0 | |a Gerantology |
| 999 | |a 0000000969 |b BOOK |c Open Shelf |e Default branch | ||